000 00630nam a2200241Ia 4500
003 OSt
005 20220918222326.0
006 a|||||r|||| 00| 0
007 ta
008 220917b |||||||| |||| 00| 0 eng d
024 _a216,407
037 _cTextual
040 _aARTS
_cARTS
_beng
041 _2eng
_aeng
082 _aP, N5
100 _aPinker Steven
_927990
245 0 _aLanguage instinct
_b the new science of language and mind
260 _aLondon
_bPenguin books
_c1995
300 _a493p
_ccm.
650 _aLINGUISTICS
942 _hP, N5
_cTEXL
_2CC
999 _c275147
_d275147